Sermons to young persons, on the following subjects : viz. I. The importance of the rising generation. II. Christ formed in the soul the foundation of hope. III. A dissuasive from keeping wicked company. ... By P. Doddridge, ...

Bibliographic Details
Main Author: Doddridge, Philip, 1702-1751
Format: eBook
Language:English
Edition:The second edition, corrected.
Series:Eighteenth century collections online.
Online Access:Full text online

MARC

Tag First Indicator Second Indicator Subfields
LEADER 00000cam a2200000 4500
001 in00001982982
006 m | d |
007 cr |n||||||||n
008 791208s1737 enk|||| s 00||||eng d
005 20260414193905.7
035 |a (CStRLIN)ESTCT74346 
040 |a Uk-ES  |c Uk-ES  |d CStRLIN  |d Thomson Gale  |d UtOrBLW 
100 1 |a Doddridge, Philip,  |d 1702-1751. 
245 1 0 |a Sermons to young persons, on the following subjects :  |b viz. I. The importance of the rising generation. II. Christ formed in the soul the foundation of hope. III. A dissuasive from keeping wicked company. ... By P. Doddridge, ... 
250 |a The second edition, corrected. 
264 3 |a London :  |b printed for R. Hett. MDCCXXXVII. And sold by Mr. Dicey of Northampton, and Mr. Tozer of Exeter,  |c [1737] 
300 |a 264, 12 unnumbered pages ;  |c 12⁰. 
336 |a text  |b txt  |2 rdacontent 
337 |a computer  |b c  |2 rdamedia 
338 |a online resource  |b cr  |2 rdacarrier 
500 |a Reproduction of original from the British Library. 
510 4 |a English Short Title Catalog,  |c ESTCT74346. 
533 |a Electronic reproduction.  |b Farmington Hills, Mich. :  |c Thomson Gale,  |d 2003.  |n Available via the World Wide Web.  |n Access limited by licensing agreements  |7 s2003 miunns 
500 |a Electronic resource. 
830 0 |a Eighteenth century collections online. 
856 4 0 |u http://proxy.library.tamu.edu/login?url=https://galenet.galegroup.com/servlet/ECCO?c=1&stp=Author&ste=11&af=BN&ae=T074346&tiPG=1&dd=0&dc=flc&docNum=CW117969628&vrsn=1.0&srchtp=a&d4=0.33&n=10&SU=0LRF&locID=txshracd2898  |z Full text online  |t 0 
999 |a MARS 
999 f f |s 31ec94cf-94c0-3840-b115-8ee7990521fe  |i bb0a4074-1910-37d0-b8db-17d53623f46d  |t 0 
952 f f |a Texas A&M University  |b College Station  |c Electronic Resources  |s www_evans  |d Available Online  |t 0  |h No information provided 
998 f f |t 0  |l Available Online